Partnerships in affordable housing (Record no. 107023)

MARC details
000 -LEADER
fixed length control field 01169cam a22002295a 4500
001 - CONTROL NUMBER
control field L138142
008 - FIXED-LENGTH DATA ELEMENTS--GENERAL INFORMATION
fixed length control field 070518e2005 xxk f 100 0 eng d
035 ## - SYSTEM CONTROL NUMBER
System control number (Sirsi) u138142
041 0# - LANGUAGE CODE
Language code of text/sound track or separate title eng
100 1# - MAIN ENTRY--PERSONAL NAME
Personal name Susilawati, C.
245 00 - TITLE STATEMENT
Title Partnerships in affordable housing
Remainder of title the impact of conflicting investment criteria
Medium [electronic resource]
260 ## - PUBLICATION, DISTRIBUTION, ETC.
Date of publication, distribution, etc. 2005
490 #0 - SERIES STATEMENT
Series statement COBRA
Volume/sequential designation 2005
520 ## - SUMMARY, ETC.
Summary, etc. Reports that accessibility to housing for lower income groups in Australia has been experiencing a severe decline in the last few years. Reports that the public sector has been reducing its commitment to the direct provision of public housing while market demand has strengthened, creating substantial price increases in all sectors of the housing market and in most urban centres.
651 #4 - SUBJECT ADDED ENTRY--GEOGRAPHIC NAME
Geographic name AUSTRALIA
690 ## - LOCAL SUBJECT ADDED ENTRY--TOPICAL TERM (OCLC, RLIN)
Topical term or geographic name as entry element PROPERTY-RESIDENTIAL PROPERTY
700 1# - ADDED ENTRY--PERSONAL NAME
Personal name Armitage, L.
700 1# - ADDED ENTRY--PERSONAL NAME
Personal name Skitmore, M.
711 2# - ADDED ENTRY--MEETING NAME
Meeting name or jurisdiction name as entry element Construction and Building Research Conference
Location of meeting University of Queensland, Brisbane
Date of meeting or treaty signing 4-5 July 2005
856 40 - ELECTRONIC LOCATION AND ACCESS
Uniform Resource Identifier <a href="https://eprints.qut.edu.au/3936/1/3936.pdf">https://eprints.qut.edu.au/3936/1/3936.pdf</a>
Public note View the item free of charge at eprints.qut.edu.au/3936/1/3936.pdf
942 ## - ADDED ENTRY ELEMENTS (KOHA)
Suppress in OPAC 0
Holdings
Withdrawn status Lost status Source of classification or shelving scheme Damaged status Not for loan Home library Current library Shelving location Date acquired Total Checkouts Full call number Barcode Date last seen Copy number Price effective from Koha item type
    Dewey Decimal Classification     Virtual Virtual Online 18/05/2007   ONLINE PUBLICATION 138142-2001 06/08/2019 1 06/08/2019 Book